SRUSR hotujet'sja do zvitno-vyborčych zboriv

Bibliographic Details
Main Author: Iľuk, Miroslav, 1942- (Author)
Format: Article
Language:Ukrainian
PhysicalDescription:Fotogr.
Subjects:

MARC

LEADER 00000cab a2200000 a 4500
001 vtls009189412
003 SK-MaSNL
005 20260318123924.0
008 080306c2007 xo wr p 000 c0ukr
015 |a SNBRB2008/03 
038 |a SVKPOCL 
040 |a SVKPO  |b slo  |c SVKPO  |e AACR2 
041 0 |a ukr 
044 |a xo  |c SK 
080 |a 316.022.4(=161)(=161.2)(437.6):061.2  |2 2001 
080 |a 061.2  |2 2001 
100 1 |a Iľuk, Miroslav,  |d 1942-  |4 aut  |9 6395 
245 1 0 |a SRUSR hotujet'sja do zvitno-vyborčych zboriv  |c Myroslav Iljuk 
300 |b Fotogr. 
610 2 7 |a Zväz Rusínov-Ukrajincov Slovenskej republiky.  |b Ústredná rada  |2 svkpocl  |9 111945 
648 7 |a 1.9.20072 svkpocl  |2 snkbucl  |9 1324073 
650 0 7 |a Rusíni  |z Slovensko  |2 svkpocl  |9 336690 
650 0 7 |a Ukrajinci  |z Slovensko  |2 svkpocl  |9 348197 
650 0 7 |a zasadnia  |2 svkpocl  |9 1324074 
651 7 |a Prešov (Slovensko)  |2 svkpocl  |9 17347 
651 7 |a Slovensko  |2 svkpocl  |9 14231 
773 0 |t Nove žyttja  |g Roč. 57, č. 37-38 (2007), s. 1-2 
852 |a SVKPO  |b KIS3GCP 
958 |a UK 
958 |a SK 
958 |a RN 
999 |c 2670921  |d 2672851